[Event "Petroupoli ASOP Dias Seniors op"]
[Site "Petroupoli"]
[Date "2014.03.29"]
[Round "2.15"]
[White "Kiousis, Stavros"]
[Black "Darviris, Panagiotis"]
[Result "1-0"]
[WhiteElo "1000"]
[BlackElo "1463"]
[PlyCount "65"]
[EventDate "2014.03.22"]
[EventType "swiss"]
[EventRounds "7"]
[EventCountry "GRE"]
[SourceTitle "EXT 2024"]
[Source "ChessBase"]
[SourceDate "2023.10.10"]
[SourceVersion "1"]
[SourceVersionDate "2023.10.10"]
[SourceQuality "1"]

1. d4 Nf6 2. Nf3 d5 3. g3 c6 4. Bg2 Bf5 5. Bg5 Qb6 6. Nc3 Nbd7 7. 0-0 e6 8. a3 Be7 9. Ne5 0-0 10. Nxd7 Nxd7 11. Bxe7 Rfe8 12. Bd6 c5 13. Bxc5 Nxc5 14. dxc5 Qxc5 15. e4 Bg6 16. exd5 Rad8 17. Re1 b6 18. Ne4 Qb5 19. Nc3 Qxb2 20. Ne2 e5 21. Qb1 Qxb1 22. Raxb1 Bxc2 23. Rbc1 Bd3 24. Nc3 f5 25. f3 a6 26. g4 f4 27. h4 Rd6 28. h5 g5 29. Bf1 Bxf1 30. Kxf1 b5 31. Ne4 Rxd5 32. Nf6+ Kf7 33. Nxd5 1-0

[Event "Petroupoli ASOP Dias Seniors op"]
[Site "Petroupoli"]
[Date "2014.03.22"]
[Round "1.4"]
[White "Georgopoulou, Eytyhia"]
[Black "Kiousis, Stavros"]
[Result "1-0"]
[WhiteElo "1573"]
[BlackElo "1000"]
[PlyCount "59"]
[EventDate "2014.03.22"]
[EventType "swiss"]
[EventRounds "7"]
[EventCountry "GRE"]
[SourceTitle "EXT 2024"]
[Source "ChessBase"]
[SourceDate "2023.10.10"]
[SourceVersion "1"]
[SourceVersionDate "2023.10.10"]
[SourceQuality "1"]

1. d4 d5 2. c4 c6 3. Nf3 e6 4. Nc3 Bd6 5. Qc2 Nf6 6. Bg5 Nbd7 7. e3 0-0 8. Bd3 dxc4 9. Bxc4 b5 10. Bd3 Bb4 11. 0-0 Bxc3 12. Qxc3 a6 13. Qxc6 Ra7 14. Rac1 h6 15. Bf4 Nd5 16. Bd6 Bb7 17. Qc2 Re8 18. e4 Qb6 19. e5 f6 20. Bh7+ Kh8 21. Bg6 Rea8 22. Bf7 Nf4 23. Qd2 g5 24. Rc7 Bxf3 25. Rxa7 Qxa7 26. gxf3 Kg7 27. Rc1 Qb6 28. Qc2 Kxf7 29. Qh7+ Ke8 30. Qe7# 1-0

[Event "Petroupoli-ch"]
[Site "Petropouli"]
[Date "2014.02.01"]
[Round "2"]
[White "Kiousis, Stavros"]
[Black "Apostolidou, Eleni"]
[Result "1-0"]
[WhiteElo "1000"]
[BlackElo "1004"]
[PlyCount "39"]
[EventDate "2014.01.25"]
[EventType "swiss"]
[EventRounds "7"]
[EventCountry "GRE"]
[SourceTitle "EXT 2015"]
[Source "ChessBase"]
[SourceDate "2014.11.20"]
[SourceVersion "1"]
[SourceVersionDate "2014.11.20"]
[SourceQuality "1"]

1. d4 d5 2. c4 e6 3. Nc3 c6 4. Nf3 dxc4 5. e4 b5 6. e5 h6 7. a3 Ne7 8. Be2 Nd5 9. Bd2 Be7 10. 0-0 0-0 11. Qc2 f5 12. exf6 Nxf6 13. Ne5 Re8 14. Qg6 Qxd4 15. Bxh6 Bf8 16. Qf7+ Kh7 17. Qg6+ Kg8 18. Qf7+ Kh7 19. Ng6 Bd6 20. Qxg7# 1-0

[Event "Petroupoli-ch"]
[Site "Petropouli"]
[Date "2014.01.25"]
[Round "1"]
[White "Tzavaras, Konstantinos"]
[Black "Kiousis, Stavros"]
[Result "1-0"]
[WhiteElo "1243"]
[BlackElo "1000"]
[PlyCount "46"]
[EventDate "2014.01.25"]
[EventType "swiss"]
[EventRounds "7"]
[EventCountry "GRE"]
[SourceTitle "EXT 2015"]
[Source "ChessBase"]
[SourceDate "2014.11.20"]
[SourceVersion "1"]
[SourceVersionDate "2014.11.20"]
[SourceQuality "1"]

1. e4 c5 2. Nc3 d6 3. Bc4 Nc6 4. d3 g6 5. f4 Bg7 6. Nf3 Nf6 7. 0-0 Bg4 8. Qe1 Qc7 9. f5 Bxf3 10. Rxf3 Nd4 11. Rf2 Ng4 12. Nd5 Qb8 13. Rf1 Nxc2 14. Qh4 Bf6 15. Bg5 Kf8 16. Qxg4 Bd4+ 17. Kh1 Nxa1 18. Bh6+ Bg7 19. f6 exf6 20. Nxf6 Qd8 21. Nd7+ Kg8 22. Bxg7 Kxg7 23. Rxf7+ Kg8 1-0